[Event "Fars Province-ch"]
[Site "Shiraz"]
[Date "2017.07.25"]
[Round "10"]
[White "Mirab, Amir"]
[Black "Mari Ooriad, Pouya"]
[Result "0-1"]
[WhiteElo "2034"]
[BlackElo "2226"]
[PlyCount "90"]
[EventDate "2017.07.19"]
[EventType "swiss"]
[EventRounds "11"]
[EventCountry "IRI"]
[SourceTitle "CBM 187 Extra"]
[Source "ChessBase"]
[SourceDate "2018.11.04"]
[SourceVersion "1"]
[SourceVersionDate "2018.11.04"]
[SourceQuality "1"]

1. d4 g6 2. c4 Bg7 3. Nc3 Nf6 4. e4 0-0 5. Be3 d6 6. Be2 a6 7. f3 Nc6 8. g4 e5 9. d5 Nd4 10. h4 c6 11. h5 Bd7 12. hxg6 fxg6 13. Qd2 cxd5 14. Bh6 dxe4 15. Bxg7 e3 16. Qd3 Kxg7 17. 0-0-0 Bc6 18. Rh3 b5 19. Qxe3 Qc7 20. Qh6+ Kg8 21. Bd3 bxc4 22. Bxg6 hxg6 23. Qh8+ Kf7 24. Rh7+ Ke6 25. Qxf6+ Rxf6 26. Rxc7 Rh8 27. Ra7 Ra8 28. Rg7 Nxf3 29. Nh3 Rh8 30. Rh1 Rhf8 31. g5 R6f7 32. Rxg6+ Kd7 33. Rd1 Nd4 34. Rh6 Rg7 35. b3 cxb3 36. axb3 Nxb3+ 37. Kb2 Nd4 38. Ne2 Rb8+ 39. Ka1 Nc2+ 40. Ka2 Bd5+ 41. Rxd5 Nb4+ 42. Ka3 Nxd5 43. Ng3 Rf7 44. Ka2 Nc3+ 45. Ka3 Rf3 0-1

[Event "Yerevan Asrian Memorial 10th"]
[Site "Yerevan"]
[Date "2017.06.22"]
[Round "2"]
[White "Mirab, Amir"]
[Black "Avagyan, Gor V"]
[Result "1-0"]
[WhiteElo "2034"]
[BlackElo "1463"]
[PlyCount "73"]
[EventDate "2017.06.21"]
[EventType "swiss"]
[EventRounds "9"]
[EventCountry "ARM"]
[SourceTitle "EXT 2018"]
[Source "ChessBase"]
[SourceDate "2017.10.13"]
[SourceVersion "1"]
[SourceVersionDate "2017.10.13"]
[SourceQuality "1"]

1. d4 d5 2. Nf3 Nf6 3. Bf4 Bf5 4. e3 e6 5. c4 c6 6. Be2 dxc4 7. Nc3 Bd6 8. Ne5 Bxe5 9. Bxe5 Nbd7 10. Bg3 Nb6 11. Bh4 Qd7 12. 0-0 0-0 13. Bxf6 gxf6 14. e4 Bg6 15. h4 h6 16. Qd2 Kg7 17. Qe3 Rh8 18. h5 Bh7 19. Qg3+ Kf8 20. Qf4 Qxd4 21. Qxh6+ Ke7 22. Rad1 Qc5 23. Qf4 Qe5 24. Qe3 Rag8 25. f4 Qc7 26. Qc5+ Ke8 27. Nb5 Qe7 28. Nd6+ Kf8 29. Qa3 c3 30. Nf5 exf5 31. Rd8+ Kg7 32. Rxg8+ Rxg8 33. Qxe7 fxe4 34. h6+ Kxh6 35. Qxf6+ Rg6 36. Qh4+ Kg7 37. f5 1-0

[Event "Armen Norouz Cup 1st"]
[Site "Esfahan"]
[Date "2011.03.26"]
[Round "3"]
[White "Mirab, Amir"]
[Black "Gharibnezhad, Saman"]
[Result "1-0"]
[WhiteElo "2092"]
[BlackElo "1766"]
[PlyCount "57"]
[EventDate "2011.03.25"]
[EventType "swiss"]
[EventRounds "9"]
[EventCountry "IRI"]
[SourceTitle "CBM 141 Extra"]
[Source "ChessBase"]
[SourceDate "2011.05.03"]
[SourceVersion "1"]
[SourceVersionDate "2011.05.03"]
[SourceQuality "1"]

1. d4 d5 2. e4 dxe4 3. Nc3 Nf6 4. Bg5 Bf5 5. f3 exf3 6. Qxf3 Qc8 7. Bc4 e6 8. Bxf6 gxf6 9. 0-0-0 Nd7 10. g4 Bg6 11. d5 e5 12. Nge2 Bg7 13. Ng3 Qd8 14. h4 h6 15. Nce4 a6 16. Rhf1 Nb6 17. Bb3 a5 18. a4 Bxe4 19. Qxe4 Qd7 20. Nh5 Rg8 21. Qh7 Kf8 22. Nxf6 Bxf6 23. Rxf6 Rxg4 24. d6 Rg7 25. Qh8+ Rg8 26. Qxh6+ Rg7 27. Rdf1 Kg8 28. Rxf7 Rxf7 29. Rg1+ 1-0